<?xml version="1.0" encoding="UTF-8"?>
<collection xmlns="http://www.loc.gov/MARC21/slim">
  <record>
    <leader>00000nam  2200000   4500</leader>
    <datafield tag="247" ind1="#" ind2="#">
      <subfield code="a"/>
    </datafield>
    <datafield tag="856" ind1="#" ind2="#">
      <subfield code="a"/>
    </datafield>
    <datafield tag="700" ind1=" " ind2="#">
      <subfield code="a"/>
    </datafield>
    <datafield tag="650" ind1=" " ind2="#">
      <subfield code="a">Terapi Hiperbarik</subfield>
    </datafield>
    <datafield tag="650" ind1=" " ind2="#">
      <subfield code="a">Pariwisata</subfield>
    </datafield>
    <datafield tag="520" ind1=" " ind2="#">
      <subfield code="a">Keberhasilan proyek perubahan ini karena adanya faktor kunci, yakni 1) komitmen dan kepemimpinan project leader, 2) araha, bimbingan dan pendampingan yang diberikan coach sangat efektif; 3) komitmen mentor yang mendukung penuh disertai arahan konstruktif untuk kesuksesan proyek perubahan; 4)dukungan tim efektif yang profesional dan responsif melaksanakan tugas sesuai pembagian yang disepakati; 5) koordinasi dan komunikasi efektif dengan stakeholder internal dan eksternal; 6) ketepatan empirik; 7) konsisten dalam melaksanakan monitoring dan refleksi pada saat implementasi proper; dan 8) ketersediaan sumber daya material dan non material diinternal (SDM dan sarana Terapi Hiperbarik).</subfield>
    </datafield>
    <datafield tag="321" ind1="#" ind2="#">
      <subfield code="a"/>
    </datafield>
    <datafield tag="310" ind1="#" ind2="#">
      <subfield code="a"/>
    </datafield>
    <datafield tag="300" ind1="#" ind2="#">
      <subfield code="a">v, 24 hlm. :</subfield>
      <subfield code="b">ill. ;</subfield>
      <subfield code="c">30 cm</subfield>
      <subfield code="e"/>
    </datafield>
    <datafield tag="260" ind1="#" ind2="#">
      <subfield code="a">Jakarta :</subfield>
      <subfield code="b">Pusbangkom Pimnas dan Manajerial ASN. ;</subfield>
      <subfield code="c">2024</subfield>
    </datafield>
    <controlfield tag="001">$a INLIS000000000020851</controlfield>
    <datafield tag="245" ind1="#" ind2="#">
      <subfield code="a">Kolaborasi Pemanfaatan Terapi Hiperbarik di Pariwisata Penyelaman Yang Aman Guna Meningkatkan Ekonomi Biru</subfield>
      <subfield code="b"/>
      <subfield code="c">H.A. Budi Prasetijo</subfield>
    </datafield>
    <datafield tag="100" ind1=" " ind2="#">
      <subfield code="a">Budi Prasetijo, H.A.</subfield>
    </datafield>
    <datafield tag="084" ind1="#" ind2="#">
      <subfield code="a">R 0067 PKN I 2024</subfield>
    </datafield>
    <datafield tag="082" ind1="#" ind2="#">
      <subfield code="a"/>
    </datafield>
    <datafield tag="035" ind1="#" ind2="#">
      <subfield code="a">0010-0426000008</subfield>
    </datafield>
    <datafield tag="020" ind1="#" ind2="#">
      <subfield code="a"/>
    </datafield>
    <controlfield tag="008">$a 260413################g##########0#ind##</controlfield>
    <controlfield tag="005">$a 20260413141042</controlfield>
  </record>
</collection>
